000 00359nam a2200157Ia 4500
003 Ost
005 20260225132542.0
008 260225s9999||||xx |||||||||||||| ||und||
040 _cfsic
041 _afre
082 _a440
100 _aHouari Boumediene
_eAuteur
245 0 _aDiscours du sang la sueur /
245 0 _cHouari Boumediene
942 _cكتاب
999 _c33602
_d33602